| 000 | 00941nam0a22002531 4500 | ||
|---|---|---|---|
| 001 | rc\2714075 | ||
| 005 | 20110915163516.4 | ||
| 035 | _a(NLR Aleph) 006841952 | ||
| 090 |
_a6655175 _c6655175 |
||
| 100 | _a20110915d1938 |||y0rusy50 ca | ||
| 101 | 0 | _arus | |
| 102 | _aRU | ||
| 105 | _aa z ||||| | ||
| 200 | 1 |
_aКонтроль воды для питания паровозов _fИнж. К. С. Гришин, М. Ш. Кацов |
|
| 210 |
_aМосква _cИзд. и 1 тип. Трансжелдориздата _d1938 |
||
| 215 |
_a88 с. _cил. _d22 см. |
||
| 225 | 1 |
_aНаучно-исследовательский институт железнодорожного транспорта _vВып. 58 |
|
| 700 | 1 |
_aГришин _bК. С. _gКонстантин Степанович |
|
| 701 | 1 |
_aКацов _bМ. Ш. |
|
| 801 | 0 |
_aRU _bNLR _gpsbo |
|
| 801 | 1 |
_aRU _bELAR _2rusmarc |
|
| 852 |
_aNLR _j36-18/225-58 |
||
| 942 | _cBOOK | ||
| 980 | _aNB | ||